| 000 | 00474nam a2200181Ia 4500 | ||
|---|---|---|---|
| 008 | 240925s9999 xx 000 0 und d | ||
| 020 | _a72897090 | ||
| 082 | _a657.20 MEI | ||
| 100 | _aMeigs, ,Robert F. | ||
| 245 | 0 | _aAccounting: the basis for business decisions | |
| 250 | _a11th | ||
| 260 |
_aNew York: _bMcGraw-Hill _c,1999. |
||
| 300 |
_a308p. _bNA _fInternational Edition |
||
| 500 | _aIncludes Index | ||
| 600 | _aManagement | ||
| 650 | _aAccounting | ||
| 942 | _cBK | ||
| 999 |
_c6753 _d6753 |
||